000 02046nam0a2200349 4500
001 RU\NLR\bibl\495814
005 20250623200421.0
010 _a5-8069-0103-3
_9500
021 _aRU
_b2003-69546
_93437
035 _a(NLR Aleph) 000488446
090 _a1098195
_c1098195
100 _a20040302d2003 |||y0rusy50 ca
101 0 _arus
102 _aRU
105 _aa |||||||||
200 1 _aFiat Tipo
_eВсе модели с янв. 1988 г.
_eБензиновые 1.1; 1.4; 1.6. Дизельные 1.7
_eРук. по ремонту и техн. обслуживанию
_f[Под ред. С. Афонина]
210 _aБатайск
_cПОНЧиК
_d2003
215 _a184 с., [1] л. цв. ил.
_cил.
_d29
225 1 _aСерия "Практическое руководство"
300 _aНа обл.: Fiat Tipo выпуска 1988-1994 годов: Бензиновые двитатели: 1,1; 1,4; 1,6 л. Дизельные двигатели: 1,7 л.
512 1 _aFiat Tipo выпуска 1988-1994 годов
_eБензиновые двитатели: 1,1; 1,4; 1,6 л. Дизельные двигатели: 1,7 л.
606 0 _aАвтомобили "Фиат Типо"
_jРуководства, пособия и т.п.
_xРемонт
_92324022
_3RU\NLR\auth\661390199
606 0 _aFiat "Tipo", легковые автомобили
_jРуководства, пособия и т.п.
_xРемонт
_92324023
_3RU\NLR\auth\661390200
606 0 _aАвтомобили "Фиат Типо"
_jРуководства, пособия и т.п.
_xТехническое обслуживание
_92324029
_3RU\NLR\auth\661390203
606 0 _aFiat "Tipo", легковые автомобили
_jРуководства, пособия и т.п.
_xТехническое обслуживание
_92324027
_3RU\NLR\auth\661390202
686 _aО335.52-08я7"Fiat"
702 1 _aАфонин
_bС. В.
_4340
801 0 _aRU
_bNLR
_c20040302
_gPSBO
801 1 _aRU
_bNLR
_c20040302
942 _cBOOK
980 _aNB